000 00303 a2200097 4500
082 _a363.125 HEI
100 _aHeinrich, Jaroslav
245 _aNew approach to better design of selected road safety measres /
_cJaroslav Heinrich, Eva Simonova
260 _bTransport Research Centre,
300 _bill. ;
_c30 cm
650 _aRoad Safety
999 _c2226
_d2226